Smaki chipsów znane w PL - Statystyki

Ogólne statystyki
  • Ten quiz został rozwiązany 68 razy
  • Średni wynik to 5 z 10
Statystyki odpowiedzi
Hint Odpowiedź % Poprawnych
3. Paprykowe
93%
2. Solone
89%
7. Zielona Cebulka
88%
1. Fromage
80%
8. Serowe
66%
6. Bekonowe
30%
4. Chili
23%
10. Kebabowe
14%
9. Ser i Cebula
2%
5. Chili i Limonka
0%
Nie znaleziono quizów pasujących do podanych kryteriów
Rozkład punktacji
Procent ludzi z każdym wynikiem
Percentyl według liczby udzielonych odpowiedzi
Twoja historia wyników
Nie rozwiązałeś tego quizu